| 000 | 02269cam a22006254i 4500 | ||
|---|---|---|---|
| 003 | PE-LiUPU | ||
| 005 | 20250731170407.0 | ||
| 008 | 150617s1977 cau rb 000 0 eng d | ||
| 035 | _a(Sirsi) a13610 | ||
| 040 |
_aPE-LiUPU _bspa _cPE-LiUPU _dPE-LiUPU _erda |
||
| 049 | _aPRUA | ||
| 082 | 0 | 4 |
_a153 _bH53 _221 |
| 100 | 1 |
_aHilde, Reuben, _eautor. |
|
| 245 | 1 | 0 |
_aYour Remark-able mind / _cReuben Hilde. |
| 264 | 1 |
_aCalifornia : _bPacif Publishing Association, _c1977. |
|
| 300 |
_a144 páginas ; _c21 centímetros |
||
| 336 |
_atext _2rdacontent |
||
| 337 |
_aunmediated _2rdamedia |
||
| 338 |
_avolume _2rdacarrier |
||
| 500 | _aEl ej. Nº50766 en PG . | ||
| 504 | _aIncluye bibliografía. | ||
| 505 | 0 | _aThe Mind - Its use -- The Mind - Its Disuse, Misuse, and Abuse -- The Mind - Its Development -- The Mind - Its Dangers and Detractors -- The Mind - Its Challenges and Delights. | |
| 526 | _aSEG68 | ||
| 526 | _aSEG70 | ||
| 526 | _aSEG69 | ||
| 526 | _aSEG67 | ||
| 526 | _aSEG43 | ||
| 526 | _aP144 | ||
| 526 | _aP143 | ||
| 526 | _aP131 | ||
| 526 | _aP122 | ||
| 526 | _aP120 | ||
| 526 | _aP117 | ||
| 526 | _aP112 | ||
| 526 | _aP110 | ||
| 526 | _aP106 | ||
| 526 | _aP101 | ||
| 526 | _aP80 | ||
| 526 | _aP59 | ||
| 526 | _aP54 | ||
| 526 | _aP35 | ||
| 526 | _aP33 | ||
| 526 | _aP30 | ||
| 650 | 0 | 4 | _aInteligencia. |
| 910 |
_ajck _bjvq _cjck _d20150616 |
||
| 942 |
_2ddc _cBOOK |
||
| 949 |
_a153 H53 _wDEWEY _c1 _i34793 _lCCODEBUL1 _mBUL _p00.00 _r0 _sY _tBOOK _u19930930 _xBIBLIOTECA _zUNKNOWN _0COMPRA _o.STAFF. Colección Ciencias de la Salud |
||
| 949 |
_a153 H53 _wDEWEY _c2 _i50766 _lCCODEBUL1 _mBUL _p00.00 _r0 _sY _tBOOK _u19930930 _xBIBLIOTECA _zUNKNOWN _0COMPRA _o.STAFF. Colección Ciencias de la Salud |
||
| 994 |
_aC0 _bPEPRU |
||
| 596 | _a1 | ||
| 999 |
_a153 H53 _wDEWEY _c3997 _i34793 _f2021-11-3 _g6 _lCCODEBUL1 _mBUL _p14.00 _r0 _sY _tBOOK _u2015-6-17 _xSALUD _zUNKNOWN _0COMPRA _o.STAFF. Colección Ciencias de la Salud _d3997 |
||
| 999 |
_a153 H53 _wDEWEY _c2 _i50766 _d2017-4-16 _e2017-4-12 _f2021-11-3 _g5 _lCCODEBUL1 _mBUL _n1 _p14.00 _r0 _sY _tBOOK _u2015-6-17 _xSALUD _zUNKNOWN _0COMPRA _o.STAFF. Colección Ciencias de la Salud |
||
| 980 |
_81 _gALBERTO SANCHEZ Responsable de Automatización |
||